Principios de una ciencia nueva en torno a la naturaleza común de las naciones

Đã lưu trong:
Chi tiết về thư mục
Tác giả chính: Vico, Giambattista (Tác giả)
Định dạng: Sách
Ngôn ngữ:Tiếng Tây Ban Nha
Được phát hành: Ciudad de México El Colegio de Mexico 1941
Phiên bản:1a. ed
Những chủ đề:
Các nhãn: Thêm thẻ
Không có thẻ, Là người đầu tiên thẻ bản ghi này!

MARC

LEADER 00000cam a2200000 a 4500
001 UCD7896
003 CL-VaPUC
008 170414e19410000mx |||||||||||||||||spa|d
082 0 4 |a 901  |b VIC  |2 21 
100 0 |a Vico, Giambattista  |e author  |9 266513 
245 1 0 |a Principios de una ciencia nueva en torno a la naturaleza común de las naciones 
250 |a 1a. ed 
300 |a v 
942 |c BK 
945 |d 20170414 22:34:00  |a arojas 
260 |a Ciudad de México  |b El Colegio de Mexico  |c 1941 
650 0 |a Filosofía de la historia  |9 265651 
650 0 |a Historia de las ciencias   |9 264975 
583 |a last modification  |c 20170414 22:34:00  |k Rodrigo Vera 
999 |c 367751  |d 367749 
952 |0 0  |1 0  |3 erb  |4 0  |6 901_000000000000000_VIC_1941  |7 0  |8 A  |9 482825  |a BIBART  |b BIBART  |h v.1  |i 5386527  |o 901 VIC 1941  |p 5386527  |r 2025-03-13  |w 2019-11-24  |y BK  |z Catalogado en:20170414  |k ART 
952 |0 0  |1 0  |3 erb  |4 0  |6 901_000000000000000_VIC_1941  |7 0  |8 A  |9 482826  |a BIBART  |b BIBART  |h v.2  |i 5386535  |o 901 VIC 1941  |p 5386535  |r 2025-03-13  |w 2019-11-24  |y BK  |z Catalogado en:20170414  |k ART